000 00381pab a2200157 454500
008 180718b2004 xxu||||| |||| 00| 0 eng d
100 _aUyangoda, Jayadeva
245 _aSri Lanka: a fractured mandate
260 _c2004
300 _ap.27-33.
362 _aJul-Sep
650 _aElections - Sri Lanka
650 _aElections
773 _aSouth Asian Journal
909 _a61732
999 _c61732
_d61732